Stemmi Squadre di calcio - Premier League - Quiz n°1 - Statistics

Statistiche generali
  • Questo quiz è stato fatto 674 volte
  • Il punteggio medio è 9 su 10
Statistiche sulle risposte
con Immagini Risposta % Corretto
Everton Football Club
100%
Reading Football Club
95%
West Bromwich Albion Football Club
95%
Preston North End Football Club
94%
Manchester City Football Club
91%
Blackpool Football Club
89%
Burnley Football Club
89%
Crystal Palace Football Club
89%
Swansea City Association Football Club
88%
Derby County Football Club
66%
Nessun quiz corrispondente trovato
Distribuzione punteggi
Percentuale di utenti per punteggio
Percentile per numero di risposta
I tuoi punteggi nel tempo
Non hai fatto questo quiz